Every Oceanian Flag - Sudden Death - Statistics

General Stats
  • This quiz has been taken 15,865 times
  • The average score is 10 of 14
Answers on the Grid
Answers color-coded by a green-red scale on the quiz's grid according to % correct below.
 
Answer Stats
Answer % Correct
Australia
82%
New Zealand
81%
Tuvalu
77%
Fiji
77%
Papua New Guinea
72%
Kiribati
71%
Palau
70%
Marshall Islands
69%
Federated States of Micronesia
68%
Tonga
68%
Samoa
67%
Nauru
66%
Solomon Islands
61%
Vanuatu
61%
No matching quizzes found
Score Distribution
Percent of People with Each Score
Percentile by Number Answered
Your Score History
You have not taken this quiz